Introduction to global business : (Record no. 275589)
[ view plain ]
| 000 -LEADER | |
|---|---|
| fixed length control field | 00709nam a22002057a 4500 |
| 005 - DATE AND TIME OF LATEST TRANSACTION | |
| control field | 20140924135650.0 |
| 008 - FIXED-LENGTH DATA ELEMENTS--GENERAL INFORMATION | |
| fixed length control field | 140924b xxu||||| |||| 00| 0 eng d |
| 020 ## - INTERNATIONAL STANDARD BOOK NUMBER | |
| International Standard Book Number | 9781111824259 |
| 050 ## - LIBRARY OF CONGRESS CALL NUMBER | |
| Classification number | HF 5734.7 |
| Item number | .G249 2014 |
| 100 ## - MAIN ENTRY--PERSONAL NAME | |
| Personal name | Gaspar, Julian E. |
| 245 ## - TITLE STATEMENT | |
| Title | Introduction to global business : |
| Remainder of title | understanding the international environment and global business functions / |
| Statement of responsibility, etc | Julian E. Gaspar. |
| 250 ## - EDITION STATEMENT | |
| Remainder of edition statement | International edition. |
| 260 ## - PUBLICATION, DISTRIBUTION, ETC. (IMPRINT) | |
| Place of publication, distribution, etc | U.S.A. : |
| Name of publisher, distributor, etc | South-Western, Cengage Learning, |
| Date of publication, distribution, etc | c2014. |
| 300 ## - PHYSICAL DESCRIPTION | |
| Extent | 407 pages : |
| Other physical details | colored illustration ; |
| Dimensions | 26 cm. |
| 500 ## - GENERAL NOTE | |
| General note | Includes index. |
| 521 ## - TARGET AUDIENCE NOTE | |
| Target audience note | Business Administration |
| 650 ## - SUBJECT ADDED ENTRY--TOPICAL TERM | |
| Topical term or geographic name as entry element | Business. |
| 650 ## - SUBJECT ADDED ENTRY--TOPICAL TERM | |
| Topical term or geographic name as entry element | Environment. |
| 942 ## - ADDED ENTRY ELEMENTS (KOHA) | |
| Source of classification or shelving scheme | Library of Congress Classification |
| Koha item type | Books |
| Call number prefix | Foreign |
| Withdrawn status | Lost status | Source of classification or shelving scheme | Damaged status | Home library | Current library | Shelving location | Date acquired | Cost, normal purchase price | Total Checkouts | Total Renewals | Full call number | Barcode | Date last seen | Date checked out | Price effective from | Koha item type |
|---|---|---|---|---|---|---|---|---|---|---|---|---|---|---|---|---|
| Library of Congress Classification | College Library | College Library | Reserve Section | 09/24/2014 | 6615.00 | 1 | 3 | HF 5734.7 .G249 2014 | C18619 | 11/30/2023 | 08/17/2023 | 09/24/2014 | Books |